000 00275nam a2200121Ia 4500
008 190216s9999||||xx |||||||||||||| ||und||
100 _aJain Sp And Narag K L
245 0 _aCost Accounting
260 _bKalyani Pub
_c1977
300 _a656p
650 _aCommerce
942 _cBK
999 _c5120
_d5120